000 01008nam a22002531u 4500
001 12276
003 HDC
007 cr bn ---
008 210209p2003 my eng
040 _aHDC
100 _aRosniyana Ahmad,
_eauthor
_912662
245 0 _aPenentuan proksimat dan kajian penyimpanan kuih tradisional dari program Satu Kampung Satu Industri di Kedah /
_cby Rosniyana Ahmad, Hashifah Mohd. Ali, Badriah Zainuddin dan Shariffah Norin Syed Abdullah
260 _aSerdang :
_bMalaysian Agricultural Research and Development Institute (MARDI),
_c2003
300 _a2 pages
336 _atext
_2rdacontent
337 _acomputer
_2rdamedia
338 _aonline resource
_2rdacarrier
650 _aStorage
_912794
650 _aTraditional cookies
_912793
856 _zRequest full-text at [email protected]
942 _2lcc
942 _cAR
942 _kJART 003067
999 _c9599
_d9599